Marine engines for Italian fishing industry.

Bibliographic Details
Format: Government Document eBook
Language:English
Published: Washington, D.C. : [publisher not identified], 1930.
Series:Industrial Machinery Div. Spec. Circ. No. 898
Subjects:
Online Access:Connect to the full text of this electronic document

MARC

Tag First Indicator Second Indicator Subfields
LEADER 00000cam a22000001a 4500
001 in00003680421
005 20190408174917.0
006 m o d f
007 cr bn mmmapmmp
008 040714s1930 dcu o f000 0 eng d
035 |a ebd1910203908 
040 |a UMI  |c UMI  |d UtOrBLW 
086 0 |a C 18.138:898 
099 |a C18.138-898 
245 0 0 |a Marine engines for Italian fishing industry. 
264 1 |a Washington, D.C. :  |b [publisher not identified],  |c 1930. 
300 |a 1 online resource (1 pages) 
336 |a text  |b txt  |2 rdacontent 
337 |a computer  |b c  |2 rdamedia 
338 |a online resource  |b cr  |2 rdacarrier 
490 0 |a Industrial Machinery Div. Spec. Circ. No. 898 
500 |a [On opportunity for U.S. exporters] 
500 |a Record is based on bibliographic data in ProQuest U.S. Executive Branch Documents, 1910-1932. Reuse except for individual research requires license from ProQuest, LLC. 
533 |a Electronic reproduction.  |b [Bethesda, Md.] :  |c ProQuest,  |d 2012.  |e digital, PDF file.  |n ProQuest U.S. Executive Branch Documents, 1910-1932.  |n Mode of access: World Wide Web via ProQuest website. 
538 |a System requirements: PDF reader software. 
500 |a Electronic resource. 
650 0 |a Marine engines.  |0 http://id.loc.gov/authorities/subjects/sh85081160 
655 7 |a Electronic books.  |2 local 
776 1 8 |i Microfiche version:  |t Marine engines for Italian fishing industry  |o CIS US Exec MF C18.138-898  |w (ProQuest)cis19123655 
856 4 0 |u http://proxy.library.tamu.edu/login?url=http://congressional.proquest.com/congressional/docview/t66.d71.c18.138-898  |z Connect to the full text of this electronic document  |t 0 
999 f f |s 842718b8-2811-30d1-8378-659c2226bb8d  |i a26ff778-d35e-394d-a828-e6c2151f48c5  |t 0 
952 f f |a Texas A&M University  |b College Station  |c Electronic Resources  |d Available Online  |t 0  |h No information provided 
998 f f |t 0  |l Available Online